US Weather Disasters by State - Count - Statistics

General Stats
  • This quiz has been taken 28 times
  • The average score is 6 of 51
Answer Stats
Number of Disasters Largest Disaster State % Correct
94 Hurricane in 2017 Texas
93%
71 Hurricane in 2005 Mississippi
73%
70 Hurricane in 2005 Georgia
53%
67 Hurricane in 2005 Alabama
40%
70 Drought in 2012 Illinois
20%
66 Drought in 2012 Kansas
20%
57 Hurricane in 2017 Louisiana
20%
65 Drought in 2012 Missouri
20%
67 Drought in 2012 Oklahoma
20%
50 Hurricane in 2005 Florida
13%
34 Hurricane in 2012 New Jersey
13%
58 Hurricane in 2018 North Carolina
13%
61 Hurricane in 2005 Tennessee
13%
59 Hurricane in 2012 Virginia
13%
58 Drought in 2012 Arkansas
7%
35 Drought in 2012 California
7%
41 Drought in 2012 Colorado
7%
27 Hurricane in 2012 Connecticut
7%
1 Hurricane in 1992 Hawaii
7%
55 Hurricane in 2005 Indiana
7%
49 Drought in 2012 Iowa
7%
47 Hurricane in 2005 Kentucky
7%
39 Hurricane in 2012 Maryland
7%
29 Hurricane in 2008 Michigan
7%
33 Drought in 2012 Minnesota
7%
25 Drought in 2012 Montana
7%
38 Drought in 2012 Nebraska
7%
24 Drought in 2012 New Mexico
7%
54 Hurricane in 2012 New York
7%
52 Hurricane in 2005 Ohio
7%
52 Hurricane in 2012 Pennsylvania
7%
57 Hurricane in 2017 South Carolina
7%
24 Hurricane in 2012 West Virginia
7%
32 Drought in 1988 Wisconsin
7%
5 Wildfire in 2008 Alaska
0%
22 Drought in 2012 Arizona
0%
18 Hurricane in 2012 Delaware
0%
18 Drought in 2012 Idaho
0%
15 Winter Storm in 2015 Maine
0%
22 Hurricane in 2012 Massachusetts
0%
19 Drought in 2012 Nevada
0%
17 Hurricane in 2012 New Hampshire
0%
17 Drought in 2012 North Dakota
0%
23 Drought in 1988 Oregon
0%
3 Hurricane in 2017 Puerto Rico
0%
18 Hurricane in 2012 Rhode Island
0%
20 Drought in 2012 South Dakota
0%
16 Drought in 2012 Utah
0%
14 Hurricane in 2011 Vermont
0%
20 Drought in 1988 Washington
0%
21 Drought in 2012 Wyoming
0%
No matching quizzes found
Score Distribution
Percent of People with Each Score
Percentile by Number Answered
Your Score History
You have not taken this quiz